000 00454nam a22001457a 4500
005 20250815160043.0
008 250815b |||||||| |||| 00| 0 eng d
050 _aTHE HN 380.5 .A28 2012
100 _aABUGA, SAMWEL MARUBE
245 _aA SURVEY OF THE EFFECT OF REGIONAL DEVELOPMENT AUTHORITIES' ACTIVITIES ON RURAL DEVELOPMENT
260 _aKISII
_bKISII UNIVERSITY
_c2012
300 _aXii,43P.
500 _aIncludes References
942 _2lcc
_cBK
999 _c216040
_d216040